| 000 -LEADER |
| fixed length control field |
01108nam a22002057a 4500 |
| 020 ## - INTERNATIONAL STANDARD BOOK NUMBER |
| ISBN |
9783662691526 |
| 082 ## - DEWEY DECIMAL CLASSIFICATION NUMBER |
| Classification number |
658.404 |
| Item number |
Or77 2024 |
| 100 ## - MAIN ENTRY--AUTHOR NAME |
| Personal name |
Ortner, Gerhard, author. |
| 245 ## - TITLE STATEMENT |
| Title |
The project management office : setup and benefits / Gerhard Ortner and Betina Stur. |
| 250 ## - EDITION STATEMENT |
| Edition statement |
1st edition |
| 260 ## - PUBLICATION, DISTRIBUTION, ETC. (IMPRINT) |
| Place of publication |
Berlin, Germany : |
| Name of publisher |
Springer, |
| Year of publication |
©2024. |
| 300 ## - PHYSICAL DESCRIPTION |
| Number of Pages |
1 electronic resource, xix, 127 pages : |
| Other physical details |
illustrations (some color). |
| 500 ## - GENERAL NOTE |
| General note |
Includes bibliographical references. |
| 520 ## - SUMMARY, ETC. |
| Summary, etc |
In project-oriented companies, Project Management Offices (PMO) play an important, sometimes central role in aligning and efficiently directing the company's project management activities. These result in organization-specific structures with varied tasks, functions and organizational frameworks. The project management profession is subject to changes and new developments, such as agil, sustainability or new and evolving roles%2 |
| 650 ## - SUBJECT ADDED ENTRY--TOPICAL TERM |
| Topical Term |
Project management offices. |
| 650 ## - SUBJECT ADDED ENTRY--TOPICAL TERM |
| Topical Term |
Strategic planning. |
| 650 ## - SUBJECT ADDED ENTRY--TOPICAL TERM |
| Topical Term |
Corporate governance. |
| 700 ## - ADDED ENTRY--PERSONAL NAME |
| Personal name |
Stur, Betina, author. |
| 942 ## - ADDED ENTRY ELEMENTS (KOHA) |
| Koha item type |
Books |